000
00357nam a2200169Ia 4500
003
IT-RoPAU
008
120407s9999 xx 000 0 und d
040
_a
IT-RoPAU
040
_c
IT-RoPAU
100
_a
Friedrich Nietzsche
245
_a
La nascita della tragedia
250
_a
Milano
260
_a
Adelphi
300
_c
cm
490
_v
1
942
_c
BK
999
_c
528
_d
528